| 000 | 00541nam a22001697a 4500 | ||
|---|---|---|---|
| 999 |
_c7819 _d7819 |
||
| 005 | 20231123152919.0 | ||
| 008 | 231123b ||||| |||| 00| 0 eng d | ||
| 020 | _a9788419392978 | ||
| 040 | _aCDMR | ||
| 100 | 1 |
_93255 _aNafría, Ismael _d1968- |
|
| 245 |
_aClarín, actualizado _b: el relato de la transformación digital del diario Clarín _c/ Ismael Nafría |
||
| 260 |
_aBarcelona _b: Galaxia Gutenberg _c, 2023 |
||
| 300 | _a533 p. | ||
| 610 | 0 |
_94911 _aClarín (Diari) |
|
| 650 | 0 |
_93188 _aPremsa digital _zArgentina |
|
| 942 |
_2udc _cMON |
||